• 首页
  • 本馆介绍
  • 公告通知
  • 最新文献
  • 馆藏检索
  • 电子资源
  • 读者导购
  • 参考咨询
  • 我的图书馆
  • 登录
  • 详细信息显示
  • 放入我的书架
  • 预约/预借图书
  • 作者相关作品
  • 分类相关作品
  • 丛书相关作品
  • 出版社相关作品

书目信息

  • 表格格式
  • 工作单格式
  • 卡片格式
题名:
狄更斯传
    
 
作者: 皮尔逊 , Pearson 著 ;谢天振 译
分册:  
出版信息: 杭州   浙江文艺出版社  1985
页数: 424页
开本: 20cm
丛书名: 外国作家传丛书
单 册:
中图分类: K835.615.6 , I561.45
科图分类:
主题词: 作家--生平事迹--英国
电子资源:
ISBN:
000 00907nam2 2200325 45
001 0185016268
005 20040412104001.5
010    @dCNY2.10
100    @a19951107d1985 em y0chiy0121 ea
101 1  @achi@ceng
102    @aCN@b330000
105    @ac z 000yy
106    @ar
200 10 @a狄更斯传@Adi geng si zhuan@f(英)皮尔逊(Pearson,H.)著@g谢天振等译
210    @a杭州@c浙江文艺出版社@d1985
215    @a424页@c照片@d20cm
225 2  @a外国作家传丛书
300    @a书名原文:Dickens
410  0 @120010@a外国作家传记丛书
510 1  @aDickens@zeng
600  1 @a狄更斯@bC.@x生平事迹
606    @a作家@x生平事迹@y英国
690    @aK835.615.6@v3
690    @aI561.45
701  1 @a皮尔逊@bH.@4著@Api er xun
701 A1 @aPearson@bH.@4著
702  0 @a谢天振@4译@Axie tian zhen
801  0 @aCN@b深圳图书馆@c20040412
801  2 @aCN@bNLC@c20040412
905    @f1@b153141@dI561.45@e171
    
    狄更斯传/(英)皮尔逊(Pearson,H.)著/谢天振等译.-杭州:浙江文艺出版社,1985
    424页:照片;20cm.-(外国作家传丛书)
    书名原文:Dickens
    
    ISBN :CNY2.10
    
●
相关链接 在E读中查询图书 在五车中查询图书 在当当中查询图书 在豆瓣中查询图书


正题名:狄更斯传     索取号:I561.45/171         预约/预借

序号 登录号 条形码 馆藏地/架位号 状态 备注
1 0153140   000682782   第二借阅区/ [索取号:I561.45/171] 在馆    
2 0153141   000682791   第二借阅区/ [索取号:I561.45/171] 在馆    
3 0153142   202116664   第一样本阅览室/ [索取号:I561.45/171] 在馆    
唐山师范学院图书馆 欢迎您!
大连网信软件有限公司© 版权所有